000 01682aam a2200385 a 4500
999 _c323194
_d323194
003 BLK
005 20250516102413.0
008 181015b bu ||||| |||| 00| 0 bu d
020 _a978-954-712-732-6
040 _aBLK
041 _aBUL
_cBUL
072 _9178370
_aЯ
_xАвтографи
080 _aОрганизация и управление на селскостопанското производство. Земеделие. Градинарство
_b631/635
_x(497.215)
_z631/635(497.215)
080 _aПолевъдство. Полски култури и производството им
_b633
_x(497.215)
_z633(497.215)
100 _aРусев, Димитър
_eпърви автор
_91299
139 _aРусев, Димитър
_bР 94
245 _aРусенското земеделие преди и след промените
_cДимитър Русев
260 _bИзд. център при РУ "Ангел Кънчев"
_c2017
_aРусе
300 _a236 с.
_c21 см
380 _a63
500 _aЦялото име на авт. - Димитър Русев Добрев.
650 0 _9337517
_aРусе - селско стопанство
650 0 _9304461
_aЗемеделие - България - история
650 0 _9269258
_aСелско стопанство - България
651 7 _9179464
_aРусенско
653 7 _9186944
_aземеделие
653 7 _9196408
_aселско стопанство
653 7 _9195874
_aРусенско
852 _aЦб 292915
_bЦб
852 _aК 63/Р 94
942 _cKNG
_2udc
_n0
_04
_s1
999 _d323194
999 _d323194
999 _d323194
944 _k30535
_lХристина Везирева